Interná kontrola bakalárska práca

Salvato in:
Dettagli Bibliografici
Autore principale: Brozmanová, Alžbeta
Ente Autore: Fakulta podnikového manažmentu EU. Katedra manažmentu
Altri autori: Súkeník, Norbert, 1994-
Natura: Libro
Lingua:slovacco
Pubblicazione: Bratislava 2021
Tags: Aggiungi Tag
Nessun Tag, puoi essere il primo ad aggiungerne!!

MARC

LEADER 00000nbm a2200000 4500
001 0275867
005 20211108114448.0
041 0 |a slo 
044 |a SK 
245 1 0 |a Interná kontrola  |b bakalárska práca  |c Alžbeta Brozmanová ; školiteľ: Norbert Súkeník 
264 1 |a Bratislava  |c 2021 
300 |a 50 s. 
100 1 |a Brozmanová, Alžbeta 
700 1 |a Súkeník, Norbert, 1994- 
710 2 |a Fakulta podnikového manažmentu EU. Katedra manažmentu